Statistics for Greek Islands by Description

Click here to take the quiz!

General Stats

  • This quiz has been taken 47 times
  • The average score is 8 of 16

Answer Stats

HintIsland% Correct
Largest island, home to the ancient Minoan civilisationCrete
100%
Where the Colossus once stoodRhodes
100%
The term for homosexual women derives from this islandLesbos
86%
Picturesque volcanic islandSantorini
86%
Island in the Ionian Sea with rich Venetian heritageCorfu
76%
Famous for its vibrant nightlifeMykonos
52%
Another Ionian island, renowned for its scenic beachesZakynthos
52%
2nd largest island, separated from the mainland by a narrow straitEuboea
50%
It took ten years for Odysseus to reach this islandIthaca
50%
Birthplace of the mathematician PythagorasSamos
38%
Homer's birthplace according to tradition; where most of the world's mastic is producedChios
36%
Where the god Hephaestus landed after Zeus hurled him from Mt. Olympus (240 km away)Lemnos
29%
Famous Louvre statue: Aphrodite of _____Milos
24%
Site of one of the most important naval battles in ancient historySalamis
21%
Another Louvre statue: Nike of __________Samothrace
21%
Where the Book of Revelation was writtenPatmos
14%

Score Distribution

Percentile by Number Answered

Percent of People with Each Score

Your Score History

You have not taken this quiz